| 000 | 00500nam a2200181Ia 4500 | ||
|---|---|---|---|
| 005 | 20250326124359.0 | ||
| 008 | 250326s9999 xx 000 0 und d | ||
| 037 | _aTextbook | ||
| 040 |
_aFMSL _beng _cFMSL |
||
| 041 |
_aeng _2eng |
||
| 084 |
_aX:76 L3;2 _qFMSL |
||
| 100 |
_aMeyer R A _9737170 |
||
| 245 | 0 |
_aProblems in price theory _cMeyer R A |
|
| 260 |
_aNew Jersey _bNew Jersey, Houghton Mifflin _c1973 |
||
| 300 | _a325p | ||
| 942 |
_cTB _hX:76 L3;2 |
||
| 999 |
_c1273494 _d1273494 |
||